000 00224nam a2200097Ia 4500
008 190216s9999||||xx |||||||||||||| ||und||
100 _aDr.Jos K Mangaly
245 0 _aSasya Anatomy
260 _bKerala Basha Inst
942 _cBK
999 _c39408
_d39408